| 000 | 00723nam a22002057a 4500 | ||
|---|---|---|---|
| 008 | 081020t xxu||||| |||| 00| 0 eng d | ||
| 010 | _aENG-84053 | ||
| 020 | _a8178296848 | ||
| 020 | _c695.00 (hb) | ||
| 035 | _aEN-67586 | ||
| 082 | _a372.954 | ||
| 245 |
_a Crisis of elementary education in India / _cedited by Ravi Kumar |
||
| 260 |
_aNew Delhi _bSage Publications |
||
| 260 | _c2006 | ||
| 300 |
_a357p. _c22cm |
||
| 500 | _aIncludes bibliographical references and index | ||
| 700 |
_aRavi Kumar _ced |
||
| 942 |
_2ddc _cEN _h372.954 _mCRI |
||
| 999 |
_c17020 _d17020 |
||